| 000 | 01026pam a2200253 a 4500 | ||
|---|---|---|---|
| 999 |
_c4707 _d4707 |
||
| 003 | OSt | ||
| 005 | 20220628120156.0 | ||
| 008 | 930316s1993 nyua b 001 0 eng | ||
| 020 | _a0195085477 | ||
| 040 | _cALUPE UNIVERSITY | ||
| 050 | 0 | 0 |
_aRC621 _b.G52 1993 |
| 100 | 1 | _aGibson, Rosalind S. | |
| 245 | 1 | 0 |
_aNutritional assessment : _ba laboratory manual / _cRosalind S. Gibson. |
| 260 |
_aNew York : _bOxford University Press, _cc1993. |
||
| 300 |
_a196 p. : _bill. ; _c28 cm. |
||
| 504 | _aIncludes bibliographical references and index. | ||
| 650 | 0 |
_aNutrition _xEvaluation _xLaboratory manuals. |
|
| 856 | 4 | 2 | _uhttp://www.loc.gov/catdir/enhancements/fy0603/93001087-d.html |
| 856 | 4 | 1 | _uhttp://www.loc.gov/catdir/enhancements/fy0603/93001087-t.html |
| 856 | 4 | 2 | _uhttp://www.loc.gov/catdir/enhancements/fy0723/93001087-b.html |
| 906 |
_a7 _bcbc _corignew _d1 _eocip _f19 _gy-gencatlg |
||
| 942 |
_2lcc _cBK _nSM |
||